Hutnické názvosloví anglicko-české

Salvato in:
Dettagli Bibliografici
Natura: Libro
Lingua:ceco
inglese
Pubblicazione: Praha Technicko-ekonomický výzkumný ústav hnutnického průmyslu 1970
Tags: Aggiungi Tag
Nessun Tag, puoi essere il primo ad aggiungerne!!

MARC

LEADER 00000nam a2200000 4500
001 c122171
005 20250901103027.9
041 0 |a cze 
041 0 |a eng 
044 |a CZ 
245 1 0 |a Hutnické názvosloví anglicko-české  |c Vyprac. Lubomír Jetmar 
264 1 |a Praha  |b Technicko-ekonomický výzkumný ústav hnutnického průmyslu  |c 1970 
300 |a 75 s.